000 01672nam a2200289Ia 4500
999 _c49561
_d49561
001 16493
003 GE_BSU
005 20220223120409.0
008 181216s2014||||ge |||||||||||||| ||geo||
020 _a9789941069390
040 _cGE_BSU
041 _ageo
080 _a177.1+179.7 ა-74
100 _aაპია, კვამე ენტონი
_913565
245 _aღირსების კოდექსი :
_bროგორ ხდება ზნეობრივი რევოლუციები /
_c კვამე ენტონი აპია ; მთარგმნ. თამარ ლომიძე ; რედ.: ქეთევან ჯაყელი, შოთა ხინჩაგაშვილი.
264 _aთბილისი :
_bრადარამი,
_c2014.
300 _a240 გვ.;
_b20 სმ.
500 _aგამოცემულია ფონდ "ღია საზოგადოება - საქართველოს" ფინანსური მხარდაჭერით.
520 _aგამოცემულია ფონდ "ღია საზოგადოება - საქართველოს" ფინანსური მხარდაჭერით
541 _h3ლ.
653 _aღირსება
653 _aზნეობა
700 _aლომიძე, თამარ
_eმთარგმნელი
_913566
700 _aჯაყელი, ქეთევან
_eრედაქტორი
_913567
700 _aხინჩაგაშვილი, შოთა
_eრედაქტორი
_92905
942 _cBK
_2udc